[Event "Chigorin Mem"]
[Site "St Petersburg RUS"]
[Date "2000.11.02"]
[Round "3"]
[White "Chuprov,D"]
[Black "Markarov,A"]
[Result "1-0"]
[WhiteElo "2424"]
[BlackElo "2308"]

1.e4 c5 2.Nf3 Nc6 3.Bb5 Nf6 4.Bxc6 dxc6 5.d3 Bg4 6.h3 Bxf3 7.Qxf3 e5 8.O-O Qc7
9.Nd2 Be7 10.Nc4 Nd7 11.Qg3 Bf6 12.f4 O-O 13.f5 Kh8 14.Be3 Qd8 15.Nd2 g5
16.Qf2 Qe7 17.Nf3 h5 18.g4 h4 19.Kh2 Rg8 20.Rg1 Rg7 21.Nxh4 gxh4 22.g5 Bxg5
23.Bxg5 f6 24.Be3 Rxg1 25.Rxg1 Rg8 26.Bxc5 Qh7 27.Rxg8+ Kxg8 28.Be3 Kf7 29.Qe2 c5
30.Qg4 b6 31.Kg2 Nf8 32.Kf3 a5 33.a4 Qh8 34.b3 Qh7 35.Ke2 Nd7 36.Kd1 Nb8
37.Bf2  1-0

[Event "Chigorin Mem"]
[Site "St Petersburg RUS"]
[Date "2000.11.02"]
[Round "3"]
[White "Totsky,L"]
[Black "Slavina,I"]
[Result "1-0"]
[WhiteElo "2521"]
[BlackElo "2242"]

1.e4 c5 2.Nf3 Nc6 3.Bb5 e6 4.O-O Nge7 5.c4 Ng6 6.d4 cxd4 7.Nxd4 Be7 8.Be3 O-O
9.Nd2 Nxd4 10.Bxd4 e5 11.Bc3 d6 12.Ba4 Be6 13.g3 a6 14.Qe2 Qb8 15.a3 Bd8
16.Rfd1 Bb6 17.Bc2 Qc8 18.Kh1 Ne7 19.b4 Ba7 20.Rac1 f5 21.c5 f4 22.f3 fxg3
23.hxg3 dxc5 24.Bxe5 Qe8 25.Bd6 cxb4 26.axb4 Rf6 27.Nf1 Nc6 28.e5 Rh6+ 29.Nh2 Nd4
30.Rxd4 Bxd4 31.Be4 Rc8 32.Rd1 Bb3 33.Rb1 Bc4 34.Qd2 Bxe5 35.Bxe5 Qxe5 36.Bxb7 Re8
37.Be4 Qxg3 38.Rg1 Qe5 39.Qxh6 g6 40.Ng4 Qd4 41.Qg5 Re6 42.Qc5 Rxe4 43.fxe4 Qxe4+
44.Kh2 Qf4+ 45.Rg3 h5 46.Qe5 Qd2+ 47.Rg2 Qxb4 48.Nf6+ Kf7 49.Ne4 Bd3  1-0

[Event "Chigorin Mem"]
[Site "St Petersburg RUS"]
[Date "2000.11.02"]
[Round "3"]
[White "Gafner,E"]
[Black "Shvedov,S"]
[Result "1-0"]
[WhiteElo "2258"]
[BlackElo "2363"]

1.e4 c5 2.Nf3 Nc6 3.Bb5 g6 4.Bxc6 dxc6 5.d3 Bg7 6.h3 Nf6 7.Nc3 O-O 8.Be3 b6
9.Qd2 Re8 10.Bh6 Bh8 11.g4 Qc7 12.O-O-O a5 13.Ng5 c4 14.dxc4 Ba6 15.f4 Rad8
16.Qf2 Bxc4 17.b3 Ba6 18.e5 Nd5 19.Nce4 Bc8 20.c4 Nb4 21.Qh4 f6 22.Bg7 fxg5
23.Nxg5 Bxg7 24.Qxh7+ Kf8 25.Qxg6 e6 26.Rd6 Kg8 27.Rhd1 Nd5 28.cxd5 cxd5+
29.Kb1 Qe7 30.R1xd5 exd5 31.Rf6 Bf5+ 32.gxf5 Qxf6 33.exf6 Re1+ 34.Kb2 Re2+
35.Ka3 Rxa2+ 36.Kxa2  1-0

[Event "4th OIBM"]
[Site "Bad Wiessee GER"]
[Date "2000.11.04"]
[Round "8"]
[White "Cladouras,P"]
[Black "Stanetzek,C"]
[Result "1-0"]
[WhiteElo "2338"]
[BlackElo "2168"]

1.e4 c5 2.Nf3 Nc6 3.Bb5 e6 4.O-O Nge7 5.Nc3 a6 6.Bxc6 Nxc6 7.d4 cxd4 8.Nxd4 Be7
9.Nxc6 bxc6 10.Qg4 Kf8 11.e5 h5 12.Qc4 Qc7 13.Re1 Rb8 14.a3 c5 15.h4 Bb7
16.Bg5 f5 17.Bxe7+ Kxe7 18.Rad1 Rh6 19.f3 Rg6 20.Kf2 Qc6 21.Re3 f4 22.Red3 Ke8
23.Ne4 a5 24.Rxd7  1-0

[Event "3rd Open"]
[Site "Etang Sale FRA"]
[Date "2000.11.04"]
[Round "8"]
[White "Bourquin,S"]
[Black "Stromer,A"]
[Result "0-1"]
[WhiteElo "2257"]
[BlackElo "2263"]

1.e4 c5 2.Nf3 Nc6 3.Bb5 g6 4.O-O Bg7 5.c3 Nf6 6.Re1 O-O 7.d4 cxd4 8.cxd4 d5
9.e5 Ne8 10.h3 Nc7 11.Bf1 Bf5 12.Nc3 Qd7 13.Be3 f6 14.exf6 exf6 15.Rc1 Kh8
16.Qa4 a6 17.Qd1 b5 18.Nd2 Na5 19.g4 Be6 20.Bf4 Ne8 21.b4 Nc4 22.Nxc4 bxc4
23.Na4 Qc6 24.Nc5 Bg8 25.Bg2 Nd6 26.Ne6 Rfe8 27.Nxg7 Kxg7 28.g5 fxg5 29.Be5+ Kf8
30.Qg4 h6 31.h4 Be6 32.Qf3+ Nf5 33.h5 gxh5 34.Qxh5 Bf7 35.Qg4 Qg6 36.f4 Rad8
37.Bh3 gxf4 38.Qxg6 Bxg6 39.Rf1 Kg8 40.Rxf4 Rf8 41.Rcf1 Ng7 42.Rf6 Bd3 43.R1f3 Rxf6
44.Rxf6 c3 45.Rc6 c2 46.Bf1 Bc4 47.Bf4 Bxf1 48.Rxc2 Bc4 49.Bxh6 Nf5 50.Rg2+ Kf7
51.Rf2 Ke6 52.Bc1  0-1

[Event "Chigorin Mem"]
[Site "St Petersburg RUS"]
[Date "2000.11.04"]
[Round "4"]
[White "Balashov,Y"]
[Black "Grigoriev,V"]
[Result "1-0"]
[WhiteElo "2575"]
[BlackElo "2237"]

1.e4 c5 2.Nf3 Nc6 3.Bb5 g6 4.O-O Bg7 5.c3 Nf6 6.Qa4 O-O 7.d4 cxd4 8.cxd4 d5
9.e5 Nd7 10.Nc3 Nb6 11.Qd1 Bg4 12.Bxc6 bxc6 13.h3 Bxf3 14.Qxf3 e6 15.b3 c5
16.Ba3 Nd7 17.Na4 cxd4 18.Bxf8 Qxf8 19.Qd3 Nxe5 20.Qa6 g5 21.Rac1 Qd8 22.Rfd1 g4
23.hxg4 Nxg4 24.Qe2 Qh4 25.Qf3 Bh6 26.Rc2 Qh2+ 27.Kf1 Qh5 28.Kg1 Qh2+ 29.Kf1 f5
30.Rxd4 Qe5 31.Rxg4+ fxg4 32.Qxg4+ Kh8 33.g3 Rg8 34.Qe2 Qf5 35.Kg2 e5 36.Rc6 Bg7
37.Nc5 e4 38.b4 Bd4 39.Ne6 Be5 40.Qe3 Re8 41.Nd4 Qf7 42.b5 Rg8 43.a4 Bf4
44.Qc3 Be5 45.Rc8 Rf8 46.Rxf8+ Qxf8 47.a5 Qf6 48.Qc8+ Kg7 49.Nf5+ Kg6 50.b6 a6
51.Nh4+ Kh5 52.Kh3 Kh6 53.Qg4 Qg5 54.Nf5+ Kg6 55.Ne7+ Kh6 56.Qxg5+ Kxg5 57.Nxd5  1-0

[Event "34th Olympiad"]
[Site "Istanbul TUR"]
[Date "2000.11.05"]
[Round "8"]
[White "Adams,Mi"]
[Black "Krasenkow,M"]
[Result "1/2-1/2"]
[WhiteElo "2755"]
[BlackElo "2702"]

1.e4 c5 2.Nf3 Nc6 3.Bb5 e6 4.Bxc6 bxc6 5.d3 d6 6.e5 dxe5 7.Nxe5 Qd5 8.Nf3 c4
9.Nc3 Bb4 10.Bd2 Bxc3 11.Bxc3 Ne7 12.dxc4 Qxc4 13.Nd2 Qd5 14.Qg4 Nf5 15.b3 h5
16.Qf4 f6 17.O-O-O e5 18.Qb4 c5 19.Qb5+ Bd7 20.Qa5 O-O 21.Nc4  1/2-1/2

[Event "ch-POL Semi-Finals"]
[Site "Polanczyk POL"]
[Date "2000.11.06"]
[Round "3"]
[White "Lercel,M"]
[Black "Stoma,P"]
[Result "1-0"]
[WhiteElo "2192"]
[BlackElo "2105"]

1.e4 c5 2.Nf3 Nc6 3.Bb5 e6 4.Bxc6 bxc6 5.b3 f6 6.O-O Nh6 7.d4 Nf7 8.Ba3 cxd4
9.Bxf8 Rxf8 10.Nxd4 c5 11.Ne2 Bb7 12.f3 Qc7 13.c4 g6 14.Nbc3 a6 15.Qc2 Ne5
16.Rad1 f5 17.Nc1 Nc6 18.N1e2 Ne5 19.Nc1 Ke7 20.Rfe1 f4 21.Nd3 Nf7 22.Qf2 Rac8
23.Na4 d6 24.Nxf4 g5 25.Nd3 h5 26.Qe3 e5 27.b4 cxb4 28.c5 Kf6 29.cxd6 Qxd6
30.Ndc5 Qc6 31.Nd7+ Kg7 32.Nxf8 Rxf8 33.Nc5 Bc8 34.Rd5 a5 35.Rc1 Qb6 36.Kf2 Re8
37.Nd3 Qa6 38.Rcc5 Bb7 39.Rxa5 Qf6 40.Rd7 Bc6 41.Rc7  1-0

[Event "Chigorin Mem"]
[Site "St Petersburg RUS"]
[Date "2000.11.06"]
[Round "6"]
[White "Suprun,A"]
[Black "Ivanov,D2"]
[Result "1-0"]
[WhiteElo "2082"]
[BlackElo "2265"]

1.e4 c5 2.Nf3 Nc6 3.Bb5 e6 4.O-O d5 5.exd5 exd5 6.Re1+ Be7 7.d4 cxd4 8.Nxd4 Bd7
9.Bg5 Qb6 10.Nc3 Qc5 11.Nb3 Qd6 12.Nxd5 Be6 13.Bxe7 Qxd5 14.Qxd5 Bxd5 15.Ba3+ Be6
16.Nc5 O-O-O 17.Nxe6 fxe6 18.Bxc6 bxc6 19.Rxe6 Kb7 20.Rae1 Kb6 21.Bd6 Nf6
22.c4 Rhg8 23.b3 Rd7 24.c5+ Kb5 25.h3 Nd5 26.a3 a5 27.Re8 Rd8 28.Rxg8 Rxg8
29.Re4 Nc3 30.Re7 Nd5 31.a4+ Ka6 32.Rf7 h5 33.f4 g6 34.g3 Re8 35.Be5 Nb4
36.Rg7 Re6 37.Bb8 Re1+ 38.Kg2  1-0

[Event "Chigorin Mem"]
[Site "St Petersburg RUS"]
[Date "2000.11.06"]
[Round "6"]
[White "Yandemirov,V"]
[Black "Dobrov,V"]
[Result "1/2-1/2"]
[WhiteElo "2505"]
[BlackElo "2339"]

1.e4 c5 2.Nf3 Nc6 3.Bb5 g6 4.O-O Bg7 5.c3 Nf6 6.Re1 O-O 7.e5 Nd5 8.d4 cxd4
9.cxd4 Nc7 10.Ba4 d6 11.Bxc6 bxc6 12.Nc3 Bg4 13.h3 Bxf3 14.Qxf3 Ne6 15.Be3 dxe5
16.dxe5 Qc7 17.Rac1 Rfd8 18.Nb5 Qa5 19.Qxc6 Bxe5 20.Bxa7 Bxb2 21.Bb6 Qxa2
22.Bxd8 Bxc1 23.Bxe7 Bb2 24.Na3 Rb8 25.Bd6 Bd4 26.Nc2 Rb1 27.Qe8+ Kg7 28.Bf8+ Nxf8
29.Nxd4 Rxe1+ 30.Qxe1 Qd5 31.Qc3 f6 32.Qc7+ Qd7 33.Qc4 Qe7 34.g3 Qf7 35.Qc6 Qd7
36.Qe4 Kf7 37.h4 Ne6 38.Nxe6  1/2-1/2

[Event "34th Olympiad Women"]
[Site "Istanbul TUR"]
[Date "2000.11.07"]
[Round "10"]
[White "Ionescu Brandis,I"]
[Black "Ioseliani,N"]
[Result "1/2-1/2"]
[WhiteElo "2304"]
[BlackElo "2476"]

1.e4 c5 2.Nf3 Nc6 3.Bb5 g6 4.O-O Bg7 5.Re1 e5 6.Bxc6 dxc6 7.h3 Nh6 8.d3 f6
9.Be3 b6 10.c3 Nf7 11.d4 cxd4 12.cxd4 exd4 13.Nxd4 Bd7 14.Qb3 O-O 15.Ne6 Bxe6
16.Qxe6 Qe8 17.Qc4 Kh8 18.Bf4 Ne5 19.Bxe5 Qxe5 20.Nc3 Rac8 21.Rad1 Qe7 22.Re3 b5
23.Qe2 Rcd8 24.Red3 a5 25.b3 Rfe8 26.Qd2 Rxd3 27.Qxd3 Bf8 28.Kf1 Kg8 29.f3 Qe6
30.Ne2 a4 31.bxa4 bxa4 32.Qc2 a3 33.Nd4 Qf7 34.Nxc6 Qc7 35.Qc4+ Kh8 36.Qd5 Rc8
37.Nd4 Rd8 38.Qb3 Qc5 39.Ne2 Rxd1+ 40.Qxd1 Qb5 41.Qc2 Bc5 42.Ke1 Kg7 43.Kd1 Be3
44.Qc7+ Kh6 45.Qc3 Bc5 46.Qd2+ Kg7 47.Nc3 Qc4 48.Kc2 Bd4 49.Qd3 Qb4 50.Nd1 Be5
51.Qd7+ Kg8 52.Qd8+ Kg7 53.Qd7+ Kg8 54.Qd8+  1/2-1/2

[Event "FSIM November"]
[Site "Budapest HUN"]
[Date "2000.11.08"]
[Round "5"]
[White "Balogh,C"]
[Black "Philippe,C"]
[Result "1/2-1/2"]
[WhiteElo "2359"]
[BlackElo "2306"]

1.e4 c5 2.Nf3 Nc6 3.Bb5 g6 4.Bxc6 dxc6 5.d3 Bg7 6.h3 Nf6 7.Nc3 Nd7 8.Be3 e5
9.Qd2 Qe7 10.O-O O-O 11.Bh6 f6 12.Nh2 g5 13.Bxg7 Qxg7 14.Ne2 Rf7 15.a3 Nf8
16.b4 cxb4 17.axb4 Ng6 18.c3 Be6 19.Rfd1  1/2-1/2

[Event "ch-POL Semi-Finals"]
[Site "Polanczyk POL"]
[Date "2000.11.08"]
[Round "5"]
[White "Lercel,M"]
[Black "Kukula,P"]
[Result "1-0"]
[WhiteElo "2192"]
[BlackElo "2248"]

1.e4 c5 2.Nf3 Nc6 3.Bb5 g6 4.O-O Bg7 5.c3 Nf6 6.Re1 O-O 7.h3 h6 8.d4 cxd4
9.cxd4 d5 10.e5 Ne4 11.Nc3 Nxc3 12.bxc3 Na5 13.Bd3 Be6 14.h4 Bg4 15.e6 fxe6
16.Bxg6 Bxf3 17.gxf3 Rf6 18.Bc2 Nc4 19.Kh1 Nd6 20.Qd3 Kf7 21.Rg1 Qh8 22.Rg4 Rg8
23.Bd2 h5 24.Rg2 Bh6 25.Rxg8 Qxg8 26.Rg1 Qh8 27.Bg5 Bxg5 28.hxg5 Rf5 29.Qe2 Rf4
30.g6+ Kg7 31.Qe5+ Rf6 32.Rg5 Nc4 33.Qc7 Qf8 34.Rxh5 Rxg6 35.Bxg6 Qxf3+ 36.Kg1 Kxg6
37.Rh4 Nd2 38.Qf4 Qxf4 39.Rxf4 Nc4 40.Kg2 e5 41.dxe5 Nxe5 42.Rf8 Nc6 43.Rc8 e6
44.Rc7 Na5 45.Kf3 Kf5 46.Ke3 Ke5 47.Rg7 Nc4+ 48.Kd3 Na5 49.Ke3 Nc4+ 50.Ke2 Na5
51.Kd3 a6 52.Ke2 Kf6 53.f4 b6 54.Ra7  1-0

[Event "Chigorin Mem"]
[Site "St Petersburg RUS"]
[Date "2000.11.08"]
[Round "7"]
[White "Voitsekhovsky,S"]
[Black "Timagin,P"]
[Result "1-0"]
[WhiteElo "2516"]
[BlackElo "2315"]

1.e4 c5 2.Nf3 Nc6 3.Bb5 g6 4.O-O Bg7 5.c3 e5 6.d4 exd4 7.cxd4 cxd4 8.Bf4 a6
9.Bc4 d6 10.Qb3 Na5 11.Bxf7+ Ke7 12.Qd5 Nf6 13.Bg5 Rf8 14.Re1 Nc6 15.e5 dxe5
16.Nxe5 Qxd5 17.Bxd5 Nxe5 18.Bb3 Kd6 19.Nd2 Nfd7 20.Rac1 Nc6 21.Re7 Nxe7
22.Ne4+ Ke5 23.Bxe7 Rf4 24.Nd6 d3 25.g3 Nb6 26.Re1+ Kd4 27.gxf4 Bf5 28.Nxb7 Rc8
29.Bb4 Nd5 30.Bd2 Bf8 31.Re5 Nxf4 32.Bxf4 Be4 33.Re6 d2 34.Bxd2 Bxb7 35.Be3+ Kd3
36.Rb6 Bf3 37.Rxa6 Bc5 38.Re6 g5 39.Bxc5  1-0

[Event "Chigorin Mem"]
[Site "St Petersburg RUS"]
[Date "2000.11.08"]
[Round "7"]
[White "Melamed,T"]
[Black "Guseva,O"]
[Result "1-0"]
[WhiteElo "2305"]
[BlackElo "2173"]

1.e4 c5 2.Nf3 Nc6 3.Bb5 g6 4.Bxc6 dxc6 5.O-O Bg7 6.h3 e5 7.d3 Ne7 8.Be3 b6
9.a3 O-O 10.Nc3 Qd6 11.Qd2 f6 12.Bh6 g5 13.Bxg7 Kxg7 14.b4 cxb4 15.axb4 Qxb4
16.Rfb1 Qd6 17.Rxb6 Bxh3 18.Rb7 Bd7 19.d4 exd4 20.e5 fxe5 21.Ne4 Qd5 22.Qxg5+ Ng6
23.Nxe5 Qxe5 24.Rxd7+ Rf7 25.Qxe5+ Nxe5 26.Rxd4 a5 27.Rda4 Rf5 28.R1a3 Nd7
29.Rc4 Ra6 30.Rd3 Rf7 31.Nd6 Ne5 32.Rg3+ Kf8 33.Rc5 Rd7 34.Ne4 Ng6 35.Rgc3 Rc7
36.Ra3 Re7 37.Rf5+ Kg7 38.Nc5 Ra8 39.Nd3 Rea7 40.Rc5 Ra6 41.Ra4 Kf6 42.Nc1 Rb8
43.Nb3 Rb5 44.Kf1 Rxc5 45.Nxc5 Ra8 46.Nb3 Ke5 47.Nxa5 Kd5 48.Ra1 Ne5 49.Rd1+ Kc5
50.Nb3+ Kc4 51.Re1 Ng6 52.Re6 Kd5 53.Re3 Ra2 54.Rc3 Nf4 55.g3 Ne6 56.Ke2 c5
57.Rd3+ Kc4 58.Kd2 Ra7 59.f4 Rf7 60.Ke3 h5 61.Nd2+ Kb5 62.Nf3 Ng7 63.Rd5 Nf5+
64.Kf2 h4 65.gxh4 Nh6 66.Rh5 Ng4+ 67.Kg3 Ne3 68.Ne5 Rc7 69.c3 Nd1 70.c4+ Kb4
71.f5 Ne3 72.f6 Rc8 73.f7 Rf8 74.Rg5  1-0

[Event "34th Olympiad"]
[Site "Istanbul TUR"]
[Date "2000.11.09"]
[Round "12"]
[White "West,G"]
[Black "Shaw,J"]
[Result "0-1"]
[WhiteElo "2372"]
[BlackElo "2435"]

1.e4 c5 2.Nf3 Nc6 3.Bb5 g6 4.O-O Bg7 5.c3 Nf6 6.Re1 O-O 7.h3 Qb6 8.Na3 a6
9.Bf1 Qd8 10.e5 Ne8 11.d4 cxd4 12.cxd4 d6 13.exd6 Nxd6 14.d5 Nb4 15.Qb3 a5
16.Bg5 Re8 17.Rad1 h6 18.Bf4 Bf5 19.Be5 Rc8 20.Rd4 Bc2 21.Nxc2 Nxc2 22.Red1 Nxd4
23.Bxd4 Bxd4 24.Nxd4 Kh7 25.h4 h5 26.Qf3 Kg7 27.Bd3 Qd7 28.Qg3 Qg4 29.Qe5+ Kg8
30.Nf3 Rc5 31.Bf1 Qe4 32.Qg5 Kg7 33.Rd4 Qf5 34.Qe3 Rxd5 35.Bd3 Qe6 36.Qf4 Rxd4
37.Qxd4+ Qf6 38.Qb6 Rc8 39.Qe3 b5 40.Ng5 a4  0-1

[Event "34th Olympiad"]
[Site "Istanbul TUR"]
[Date "2000.11.09"]
[Round "12"]
[White "Komliakov,V"]
[Black "Grigoryan,K"]
[Result "0-1"]
[WhiteElo "2453"]
[BlackElo "2399"]

1.e4 c5 2.Nf3 Nc6 3.Bb5 g6 4.Bxc6 bxc6 5.O-O Bg7 6.Re1 Nh6 7.c3 O-O 8.d4 cxd4
9.cxd4 d6 10.Bd2 f6 11.Qc1 Nf7 12.Qxc6 Bg4 13.Qc3 Qb6 14.Qb3 Qa6 15.Qd1 Ng5
16.Bxg5 fxg5 17.Nbd2 Rab8 18.h3 Bxf3 19.Nxf3 Rxb2 20.Qc1 Bxd4 21.Nxd4 Rfxf2
22.Nf3 Rxg2+ 23.Kh1 Rbc2 24.Qe3 Qc8 25.Nd4 Rh2+ 26.Kg1 Rcg2+ 27.Kf1 Qc4+
28.Re2 Rxe2 29.Nxe2 Rh1+  0-1

[Event "ch-POL Semi-Finals"]
[Site "Polanczyk POL"]
[Date "2000.11.09"]
[Round "6"]
[White "Lercel,M"]
[Black "Mikrut,D"]
[Result "1/2-1/2"]
[WhiteElo "2192"]
[BlackElo "2325"]

1.e4 c5 2.Nf3 Nc6 3.Bb5 e6 4.Bxc6 bxc6 5.b3 f6 6.O-O Ne7 7.Ba3 d6 8.d4 cxd4
9.Qxd4 c5 10.Qe3 Nc6 11.c4 Be7 12.Nc3 O-O 13.Bb2 e5 14.Nd5 Be6 15.Rfe1 Bxd5
16.exd5 Nb8 17.Nd2 f5 18.f4 e4 19.Nf1 Nd7 20.Qd2 Bf6 21.Ne3 Bxb2 22.Qxb2 Qf6
23.Qxf6 Rxf6 24.Kf2 g6 25.Ke2 Kg7 26.Rf1 h5 27.Kd2 Rff8 28.g3 Nf6 29.h3 Rfb8
30.Rfb1 a5 31.a3 Rb7 32.Kc3 Rab8 33.Rb2 Nd7 34.Raa2 h4 35.g4 fxg4 36.hxg4 h3
37.Rb1 Rh8 38.Rh2 a4 39.b4 cxb4+ 40.axb4 Nc5 41.Ra1 Nd3 42.Rxa4 Nxf4 43.Ra6 Nd3
44.b5 Rd7  1/2-1/2

[Event "8th Young Masters"]
[Site "Portugal POR"]
[Date "2000.11.10"]
[Round "4"]
[White "Leonardo,J"]
[Black "Ikonnikov,V"]
[Result "0-1"]
[WhiteElo "2301"]
[BlackElo "2548"]

1.e4 c5 2.Nf3 Nc6 3.Bb5 g6 4.Bxc6 dxc6 5.d3 b6 6.h3 Bg7 7.Nc3 e5 8.Be3 f6
9.Qd2 Be6 10.a4 a5 11.g4 h6 12.O-O-O Ne7 13.Nh4 Qd7 14.Qe2 O-O-O 15.f3 Kb7
16.Rhg1 Bf7 17.Qf2 Rhg8 18.Ng2 g5 19.h4 Qe6 20.h5 Nc8 21.Bd2 Rd7 22.Ne3 Rgd8
23.Nf5 Bf8 24.Be3 Ka6 25.Rd2 Nd6 26.Nxd6 Rxd6 27.Rgd1 Rd4 28.Qe2 Ka7 29.Qf2 Rc8
30.Rh1 Rcd8 31.Rhd1 Kb7 32.Qe2 Rxa4 33.Nxa4 Qa2 34.c4 Qxa4 35.Rc2 b5 36.b3 Qxb3
37.Rb2 Qc3+ 38.Kb1 a4 39.Rc2 Qa5 40.Ka1 b4 41.Rb1 Ra8 42.Qf2 Bd6 43.Qg1 Ra6
44.Qf2 Kc8 45.Qd2 Qc7 46.Qf2 Ra5 47.Qd2 Qd7 48.Ra2 Qb7 49.Qd1 Qa8 50.Qg1 Kd7
51.Qf2 Ke8 52.Qg1 Kf8 53.Qf2 Kg7 54.Qg1 Be7 55.Qd1 Qd8 56.Qe2 Ra7 57.Rd2 Rd7
58.Qd1 b3 59.Rc1 Qb8 60.Rb2 Qb4 61.Qd2 a3  0-1

[Event "34th Olympiad"]
[Site "Istanbul TUR"]
[Date "2000.11.12"]
[Round "14"]
[White "Shaw,J"]
[Black "Braga,C"]
[Result "1-0"]
[WhiteElo "2435"]
[BlackElo "2426"]

1.e4 c5 2.Nf3 Nc6 3.Bb5 d6 4.O-O Bd7 5.Re1 Nf6 6.h3 a6 7.Bf1 e6 8.c3 Be7
9.d4 cxd4 10.cxd4 d5 11.e5 Ne4 12.Nc3 Nxc3 13.bxc3 Rc8 14.Rb1 Na5 15.Bd2 b5
16.Nh2 Nc4 17.Bxc4 dxc4 18.Qg4 Bf8 19.Nf3 Bc6 20.Ng5 Qd5 21.Ne4 h5 22.Qg3 Rd8
23.f3 h4 24.Qg4 b4 25.Rxb4 Bxb4 26.Qxg7 Be7 27.Qxh8+ Kd7 28.Qg7  1-0

[Event "Tenkes Kupa"]
[Site "Harkany HUN"]
[Date "2000.11.17"]
[Round "2"]
[White "Feher,G"]
[Black "Varga,C"]
[Result "1-0"]
[WhiteElo "2400"]
[BlackElo "2186"]

1.e4 c5 2.Nf3 Nc6 3.Bb5 g6 4.Bxc6 dxc6 5.d3 Bg7 6.O-O Qc7 7.h3 h6 8.Nc3 e5
9.Be3 b6 10.a3 Be6 11.Qe2 Ne7 12.b4 cxb4 13.axb4 g5 14.d4 g4 15.Nxe5 gxh3
16.f4 Bxe5 17.fxe5 Rg8 18.Rf2 h5 19.b5 c5 20.d5 Bg4 21.d6 Bxe2 22.dxc7 Bc4
23.Bxc5 Nc8 24.Rd1 Ne7 25.Bxe7 Kxe7 26.Rd4 Be6 27.Nd5+ Bxd5 28.exd5 Rg7 29.Kh2 Kd7
30.Rdf4 Ke7 31.Kxh3 Rf8 32.Rf6 Kd7 33.Rxf7+  1-0

[Event "Tch-ISL"]
[Site "Reykjavik ISL"]
[Date "2000.11.18"]
[Round "3"]
[White "Vidarsson,J"]
[Black "Jonasson,B"]
[Result "1-0"]
[WhiteElo "2369"]
[BlackElo "2290"]

1.e4 c5 2.Nf3 Nc6 3.Bb5 Na5 4.O-O a6 5.Be2 Nf6 6.e5 Nd5 7.d4 cxd4 8.Qxd4 e6
9.c4 Nc6 10.Qe4 Nde7 11.Nc3 Ng6 12.Re1 Be7 13.Bd3 d6 14.exd6 Qxd6 15.h4 f5
16.Qe3 O-O 17.h5 Nge5 18.Nxe5 Nxe5 19.Qxe5 Qxd3 20.Nd5 Bf6 21.Nxf6+ gxf6
22.Qc5 Bd7 23.Bh6 Rf7 24.Rad1 Qc2 25.Rd2 Qa4 26.Red1 Re8 27.Qc7 e5 28.Qxd7 Rxd7
29.Rxd7 Re7 30.Rd8+ Re8 31.b3 Qc6 32.R8d7 f4 33.Rg7+ Kh8 34.Rdd7 Qe4 35.Rge7 Rc8
36.Bg7+ Kg8 37.Bxf6 Qe1+ 38.Kh2 Qxf2 39.Rg7+ Kf8 40.Rdf7+ Ke8 41.Rxb7 Kf8
42.Be7+  1-0

[Event "72nd ch-GER"]
[Site "Seebad Heringsdorf GER"]
[Date "2000.11.18"]
[Round "2"]
[White "Schramm,C"]
[Black "Valet,R"]
[Result "1-0"]
[WhiteElo "2326"]
[BlackElo "2148"]

1.e4 c5 2.Nf3 Nc6 3.Bb5 g6 4.O-O Bg7 5.Re1 e6 6.Bxc6 dxc6 7.e5 Ne7 8.d3 b6
9.Nc3 O-O 10.Ne4 Kh8 11.Bg5 Qc7 12.Qd2 Ba6 13.Qf4 c4 14.dxc4 Bxc4 15.Nf6 Bd5
16.Qh4 h5 17.Nxd5 Nxd5 18.c4 Nb4 19.Rad1 c5 20.g4 Nc6 21.gxh5 gxh5 22.Bf6 Kg8
23.Qg5  1-0

[Event "Czech Extra League 2000-1"]
[Site "CZE"]
[Date "2000.11.19"]
[Round "2"]
[White "Folk,P"]
[Black "Bauma,J"]
[Result "1/2-1/2"]
[WhiteElo "2263"]
[BlackElo "2233"]

1.e4 c5 2.Nf3 Nc6 3.Bb5 d6 4.O-O Bd7 5.Re1 Nf6 6.h3 a6 7.Bf1 Ne5 8.c3 Qa5
9.Na3 b5 10.Nc2 Rc8 11.d4 cxd4 12.Nfxd4 e6 13.f4 Nc6 14.Bd3 Nxd4 15.Nxd4 e5
16.Nf5 g6 17.fxe5 dxe5 18.Nh6 Nh5 19.Qf3 Be6 20.Rf1 Qc7 21.Bc2 Nf4 22.Ng4 Bxg4
23.Qxg4 h5 24.Qf3 g5 25.Kh1 g4 26.Qg3 gxh3 27.gxh3 Bh6 28.Qf3 Rg8 29.Bxf4 Bxf4
30.Rg1 Ke7 31.Bb3 Qc6 32.Bd5 Qf6 33.Qf2 Qd6 34.Qh4+ Qf6 35.Qf2 Rg6 36.Qa7+ Kf8
37.Rxg6 fxg6 38.Rf1 Re8 39.Qd7 Re7 40.Qd8+ Kg7 41.Bb3 Kh6 42.Rf3 Re6 43.Qxf6 Rxf6
44.h4 g5 45.hxg5+ Kxg5 46.Bd5 Kg4 47.Kg2 h4 48.Bb7 Rd6 49.Bc8+ Kg5 50.b3 a5
51.a4 bxa4 52.bxa4 Rc6 53.Bf5 Rc4 54.Rd3 Rxa4 55.Rd8 Ra2+ 56.Kf3 Rc2 57.Rg8+ Kh5
58.Rh8+ Kg5 59.Rg8+ Kf6 60.Rg6+ Kf7 61.Rc6 Bd2 62.c4 Bb4 63.Kg4 a4 64.Rb6 Bc5
65.Rc6 Bb4 66.Rb6 Rb2 67.c5 a3 68.c6 Bd6 69.Ra6 a2 70.c7 Bxc7 71.Be6+ Ke7
72.Bxa2  1/2-1/2

[Event "Czech Extra League 2000-1"]
[Site "CZE"]
[Date "2000.11.19"]
[Round "2"]
[White "Berzinsh,R"]
[Black "Tallova,I"]
[Result "1-0"]
[WhiteElo "2438"]
[BlackElo "2080"]

1.e4 c5 2.Nf3 Nc6 3.Bb5 g6 4.O-O Bg7 5.c3 a6 6.Bxc6 dxc6 7.d4 cxd4 8.cxd4 Nf6
9.Nc3 O-O 10.h3 Be6 11.Qe2 Qa5 12.Rd1 Rfd8 13.Ng5 Bd7 14.Qc4 Be8 15.b4 Qc7
16.Be3 Rac8 17.f4 Bh6 18.Rac1 Nh5 19.Rf1 Bxg5 20.fxg5 e5 21.Nd5 Qd6 22.Nb6 Rb8
23.Rcd1 Qe7 24.Qc5 Qxc5 25.dxc5 Ng3 26.Rfe1 Nxe4 27.Nc4 Nc3 28.Rd2 Nd5 29.a3 Bd7
30.Bf2 Be6 31.Nd6 Rd7 32.Bg3 Rbd8 33.Bxe5 Kf8 34.Ne4 Ra8 35.Rb2 Bf5 36.Nd6 Be6
37.Kf2 Kg8 38.g4 Kf8 39.Kg3 Rad8 40.Ne4 Re8 41.Nd6 Ra8 42.h4 Kg8 43.h5 Rf8
44.Rf2 Re7 45.hxg6 fxg6 46.Bf6 Ree8 47.Nxe8 Rxe8 48.Rfe2 Kf7 49.Rh2 Nxf6
50.Rf2 Ke7 51.gxf6+ Kf7 52.g5 Rd8 53.Rfe2 Re8 54.Kf4 h6 55.gxh6 Kxf6 56.Rxe6+  1-0

[Event "Czech Extra League 2000-1"]
[Site "CZE"]
[Date "2000.11.19"]
[Round "2"]
[White "Oral,T"]
[Black "Lanka,Z"]
[Result "1/2-1/2"]
[WhiteElo "2531"]
[BlackElo "2504"]

1.e4 c5 2.Nf3 Nc6 3.Bb5 g6 4.O-O Bg7 5.c3 Nf6 6.Re1 O-O 7.d4 cxd4 8.cxd4 d5
9.e5 Ne4 10.Bxc6 bxc6 11.Nbd2 Bf5 12.Nh4 Be6 13.Nb3 a5 14.a4 c5 15.Nxc5 Nxc5
16.dxc5 Qc7 17.Qd4 Rfc8 18.Nf3 Qxc5 19.b3 Qc7 20.Qh4 h5 21.Ba3 Bg4 22.Bxe7 Bxf3
23.gxf3 Bxe5 24.Rad1 Re8 25.Bf6 Bxf6 26.Qxf6 Qc2 27.Rxe8+ Rxe8 28.Rxd5 Qxb3
29.Rxa5 Qb7 30.Kg2 Qe7 31.Qc3 Kh7 32.Rc5 Qh4 33.Qc4 Qxc4 34.Rxc4 Re2 35.f4 Ra2
36.Kf3 Kg7 37.Rd4 Kh7 38.h4 Kg7 39.Ke3 Kf6 40.f3 Ke6 41.Rb4 Kf5 42.Rb5+ Ke6
43.Rb4 Kf5 44.Rb5+ Ke6 45.Re5+ Kd6 46.Ra5 Ra3+ 47.Ke4 f5+ 48.Kd4 Rxf3 49.Ra6+ Ke7
50.Ke5 Re3+ 51.Kd5 Re4 52.a5 Rxf4 53.Rxg6 Rxh4 54.Ke5  1/2-1/2

[Event "Tch-AUT 2000-01"]
[Site "Gleisdorf AUT"]
[Date "2000.11.19"]
[Round "5"]
[White "Mahdy,T"]
[Black "Peterwagner,H"]
[Result "1-0"]
[WhiteElo "2076"]
[BlackElo "2235"]

1.e4 c5 2.Nf3 Nc6 3.Bb5 d6 4.O-O Bd7 5.Re1 a6 6.Bf1 g6 7.h3 Bg7 8.c3 e5 9.Na3 b5
10.Nc2 Nge7 11.d4 cxd4 12.cxd4 O-O 13.Be3 Re8 14.Qd2 d5 15.exd5 Nxd5 16.Bg5 Qc7
17.dxe5 Be6 18.Ncd4 Nxe5 19.Nxe5 Bxe5 20.Nxe6 fxe6 21.Re4 Bg7 22.Rae1 Qf7
23.Be2 Kh8 24.Bf3 Rab8 25.R4e2 Nb6 26.Qf4 Qxf4 27.Bxf4 Rbc8 28.Rxe6 Rxe6
29.Rxe6 Bd4 30.Rd6 Bc5 31.Rd2 Re8 32.b3 a5 33.Bd6 Bxd6 34.Rxd6 Rb8 35.h4 Kg7
36.h5 a4 37.hxg6 hxg6 38.Be4 axb3 39.axb3 g5 40.Rg6+ Kf7 41.Rxg5 Nd7 42.Bd3  1-0

[Event "VI Open"]
[Site "Lisbon POR"]
[Date "2000.11.20"]
[Round "3"]
[White "Kogan,A"]
[Black "Morais,V"]
[Result "1-0"]
[WhiteElo "2504"]
[BlackElo "2167"]

1.e4 c5 2.Nf3 Nc6 3.Bb5 e6 4.O-O Nge7 5.Re1 a6 6.Bxc6 Nxc6 7.d4 cxd4 8.Nxd4 d6
9.Nc3 Bd7 10.Nxc6 Bxc6 11.Qg4 Qf6 12.Nd5 Qd8 13.Bg5 f6 14.Qxe6+ Be7 15.Bf4 Bxd5
16.exd5 Kf8 17.Re4 Rc8 18.Rae1 Rc7 19.c4 Rd7 20.c5 g5 21.c6 bxc6 22.dxc6 Rc7
23.Bd2 d5 24.R4e2 Qd6 25.Ba5  1-0

[Event "Tenkes Kupa"]
[Site "Harkany HUN"]
[Date "2000.11.21"]
[Round "6"]
[White "Amrein,R"]
[Black "Banusz,T"]
[Result "1-0"]
[WhiteElo "2271"]
[BlackElo "2132"]

1.e4 c5 2.Nf3 Nc6 3.Bb5 g6 4.O-O Bg7 5.Re1 Nf6 6.e5 Nd5 7.Nc3 Nc7 8.Bxc6 dxc6
9.Ne4 b6 10.Nf6+ Kf8 11.Ne4 Bg4 12.d3 Ne6 13.Ned2 Qd5 14.h3 Bxf3 15.Nxf3 Rd8
16.Be3 Kg8 17.c4 Qd7 18.a4 a5 19.Qb3 Qc7 20.Rad1 h6 21.d4 cxd4 22.Bxd4 c5
23.Be3 Kh7 24.Rd5 Qc6 25.Red1 Rhe8 26.h4 h5 27.Ng5+ Nxg5 28.Rxd8 Rxd8 29.Rxd8 Qc7
30.Rd5 Ne6 31.f4 Bh6 32.g3 Ng7 33.Qb5 Nf5 34.Bf2  1-0

[Event "Tenkes Kupa"]
[Site "Harkany HUN"]
[Date "2000.11.22"]
[Round "7"]
[White "Feher,G"]
[Black "Horvath,P1"]
[Result "1-0"]
[WhiteElo "2400"]
[BlackElo "2434"]

1.e4 c5 2.Nf3 Nc6 3.Bb5 g6 4.O-O Bg7 5.Bxc6 dxc6 6.d3 Nf6 7.h3 O-O 8.Nc3 Nd7
9.Be3 e5 10.Qd2 Re8 11.a4 a5 12.Rae1 b6 13.Bh6 Nf8 14.Nh2 Ne6 15.Ng4 Bxh6
16.Qxh6 Nd4 17.Ne3 Ne6 18.Ne2 Ra7 19.Kh1 b5 20.axb5 cxb5 21.f4 Nxf4 22.Nxf4 exf4
23.Nd5 Be6 24.Nxf4 Qd4 25.c3 Qe5 26.Re3 Qg7 27.Qg5 Rc7 28.Rg3 f6 29.Qh4 g5
30.Qh5 Bf7 31.Qf3 Rce7 32.Ne2 c4 33.Nd4 Bg6 34.dxc4 bxc4 35.Qxf6 Qxf6 36.Rxf6 Rb7
37.Rf2 Re5 38.Nf5 Rxe4 39.Rxg5 Re1+ 40.Kh2 Rb1 41.h4 Kh8 42.h5 Bxf5 43.Rfxf5 h6
44.Rg6 R1xb2 45.Rxh6+ Rh7 46.Rxh7+ Kxh7 47.Rxa5 Rc2 48.Kh3 Rxc3+ 49.Kh4 Rc2
50.g4 c3 51.Kg5 Rd2 52.Ra7+ Kg8 53.Rc7 c2 54.h6 Rd5+ 55.Kg6 Rd6+ 56.Kh5 Rd5+
57.g5 Rd2 58.Kg6 Rd6+ 59.Kf5 Rd5+ 60.Kf6 Rd6+ 61.Ke5 Rd2 62.g6  1-0